|
|
|
|
| LEADER |
02847nam a2200433 i 4500 |
| 001 |
29041 |
| 003 |
BD-DhAAL |
| 005 |
20150330102739.0 |
| 008 |
150330s2014 cau b 001 0 eng |
| 010 |
|
|
|a 2013033906
|
| 020 |
|
|
|a 9781118435274 (paperback)
|
| 020 |
|
|
|a 9781118646885 (ebk)
|
| 020 |
|
|
|a 9781118646922 (ebk)
|
| 040 |
|
|
|a DLC
|b eng
|c DLC
|e rda
|d DLC
|d BD-DhAAL
|
| 042 |
|
|
|a pcc
|
| 050 |
0 |
0 |
|a LB2331
|b .B357 2014
|
| 082 |
0 |
0 |
|a 378.125
|2 23
|
| 100 |
1 |
|
|a Barbezat, Daniel.
|9 10188
|
| 245 |
1 |
0 |
|a Contemplative practices in higher education :
|b powerful methods to transform teaching and learning /
|c Daniel P. Barbezat, Mirabai Bush ; foreword by Parker J. Palmer ; afterword by Arthur Zajonc.
|
| 260 |
|
|
|a San Francisco :
|b Jossey-Bass, a Wiley brand,
|c [2014]
|
| 300 |
|
|
|a xxiii, 231 pages ;
|c 24 cm.
|
| 490 |
0 |
|
|a The Jossey-Bass higher and adult education series
|
| 504 |
|
|
|a Includes bibliographical references (pages 207-215) and index.
|
| 505 |
8 |
|
|a Machine generated contents note: Foreword by Parker J. Palmer vii Preface xi Acknowledgments xvii The Authors xxi PART ONE Theoretical and Practical Background 1 1 Transformation and Renewal in Higher Education 3 2 Current Research on Contemplative Practice 21 3 Contemplative Pedagogy in Practice: Two Experiences 39 4 Teacher Preparation and Classroom Challenges 67 PART TWO A Guide to Contemplative Practices 87 Introduction to the Practices 89 5 Mindfulness 95 6 Contemplative Approaches to Reading and Writing 110 7 Contemplative Senses: Deep Listening and Beholding 137 8 Contemplative Movement 159 9 Compassion and Loving Kindness 174 10 Guest Speakers, Field Trips, and Retreats 189 11 Conclusion 198 Afterword by Arthur Zajonc 205 References 207 Index 217 .
|
| 541 |
|
|
|e 29041
|
| 650 |
|
0 |
|a College teaching
|x Philosophy.
|9 10189
|
| 650 |
|
0 |
|a Reflective teaching.
|9 10190
|
| 650 |
|
0 |
|a Reflective learning.
|9 10191
|
| 650 |
|
0 |
|a Transformative learning.
|9 10192
|
| 650 |
|
0 |
|a Contemplation.
|9 10193
|
| 650 |
|
7 |
|a EDUCATION / Higher.
|2 bisacsh
|9 10194
|
| 650 |
|
7 |
|a EDUCATION / Teaching Methods & Materials / General.
|2 bisacsh
|9 10195
|
| 700 |
1 |
|
|a Bush, Mirabai,
|d 1939-
|9 10196
|
| 776 |
0 |
8 |
|i Online version:
|a Barbezat, Daniel.
|t Contemplative practices in higher education
|d San Francisco : Jossey-Bass, a Wiley brand, 2013
|z 9781118646885
|w (DLC) 2013050173
|
| 856 |
4 |
2 |
|3 Cover image
|u http://catalogimages.wiley.com/images/db/jimages/9781118435274.jpg
|
| 942 |
|
|
|2 ddc
|c BK
|
| 999 |
|
|
|c 34181
|d 34181
|
| 952 |
|
|
|0 0
|1 0
|2 ddc
|4 0
|6 378_125000000000000_BAR
|7 0
|9 53339
|a BRACUL
|b BRACUL
|c GEN
|d 2015-03-30
|e Karim International
|g 2680.00
|l 0
|o 378.125 BAR
|p 3010029041
|r 2015-03-30
|t 1
|w 2015-03-30
|y BK
|
| 952 |
|
|
|0 0
|1 0
|2 ddc
|4 0
|6 378_125000000000000_BAR
|7 0
|9 53340
|a BRACUL
|b BRACUL
|c GEN
|d 2015-03-30
|e Karim International
|g 2680.00
|l 0
|o 378.125 BAR
|p 3010029042
|r 2015-03-30
|t 2
|w 2015-03-30
|y BK
|